Visualizzazione normale
Vista MARC
- Giuliodori Claudio
di Personal Name
Records bibliografici associati: 4
001 - CONTROL NUMBER
- control field: 58305
003 - CONTROL NUMBER IDENTIFIER
- control field:
005 - DATE AND TIME OF LATEST TRANSACTION
- control field: 20200803125536.0
008 - FIXED-LENGTH DATA ELEMENTS
- fixed length control field: 200803|| aca||aabn | a|a d
040 ## - CATALOGING SOURCE
- Original cataloging agency:
- Transcribing agency:
100 ## - HEADING--PERSONAL NAME
- Personal name: Giuliodori Claudio
670 ## - SOURCE DATA FOUND
- Source citation: Work cat.: (): Giuliodori Claudio, La chiesa in cammino sinodale con i giovani, un percorso di rinnovamento ecclesiale e pastorale, 2018